000 00433nam a22001457a 4500
003 OSt
005 20160727222359.0
008 160623b xxu||||| |||| 00| 0 eng d
040 _cTEST'
100 _9631
_aDifferent Dragons
245 _aBuilding skills for the Toefl:Test of English as a Foreign
260 _aA.D & Galgotia book source
_c1983
300 _aBuilding skills for the Toefl:Test of English as a Foreign
942 _2ddc
_cBK
999 _c513
_d513